| 000 | 00477nam a2200157Ia 4500 | ||
|---|---|---|---|
| 008 | 160316s1992 xxu||||| |||| 00| 0 eng d | ||
| 082 |
_a374.013200 _bCHA-III |
||
| 100 | _aChandler W David | ||
| 245 | _aComputer technology for higher education : A design model for a computerzing.Vol.III. The Canadian experience | ||
| 250 | _a | ||
| 260 |
_aNew Delhi _bConcept Publishing Co. _c1992 |
||
| 300 |
_a231p _b _c |
||
| 365 | _b | ||
| 650 | _a1.Computer Technology | ||
| 700 |
_a _a |
||
| 999 |
_c10362 _d10362 |
||